Spaces of measures

Сохранить в:
Библиографические подробности
Главный автор: Corneliu Constantinescu
Формат:
Язык:Undetermined
Опубликовано: New York Walter de Gruyter 1984
Предметы:
Метки: Добавить метку
Нет меток, Требуется 1-ая метка записи!
Thư viện lưu trữ: Trung tâm Học liệu Trường Đại học Cần Thơ
LEADER 00486nam a2200181Ia 4500
001 CTU_1838
008 210402s9999 xx 000 0 und d
082 |a 515.42 
082 |b C758 
100 |a Corneliu Constantinescu 
245 0 |a Spaces of measures 
245 0 |c Corneliu Constantinescu 
260 |a New York 
260 |b Walter de Gruyter 
260 |c 1984 
650 |a spaces of measures 
904 |i Minh, 960820 
980 |a Trung tâm Học liệu Trường Đại học Cần Thơ